[Event "3. Open Distrito Chamartín 2014"]
[Site "Madrid ESP"]
[Date "2014.09.11"]
[Round "6.11"]
[White "Mihalcea, George Andrei"]
[Black "Perez Cameselle, Francisco"]
[Result "1/2-1/2"]
[WhiteElo "1707"]
[BlackElo "1902"]
[PlyCount "75"]
[EventDate "2014.09.07"]
[EventType "swiss"]
[EventRounds "9"]
[EventCountry "ESP"]
[SourceTitle "Ajedrez en Madrid"]
[Source "lmi"]
[SourceDate "2014.09.07"]
[SourceVersion "1"]
[SourceVersionDate "2015.07.30"]
[SourceQuality "1"]

1. c4 Nf6 2. Nc3 g6 3. e4 d6 4. g3 Bg7 5. Bg2 c5 6. Nge2 Nc6 7. O-O O-O 8. f4
a6 9. d3 Rb8 10. h3 Bd7 11. Be3 b5 12. Rb1 b4 13. Nd5 Nxd5 14. cxd5 Nd4 15.
Nxd4 Bxd4 16. Bxd4 cxd4 17. Rc1 Qb6 18. Qd2 Rfc8 19. f5 Rxc1 20. Rxc1 Rc8 21.
Rf1 Kg7 22. h4 f6 23. h5 g5 24. Rc1 Rc5 25. Rxc5 Qxc5 26. Bf3 h6 27. Bd1 Bb5
28. g4 a5 29. Qc2 Kf8 30. Kf2 Ke8 31. Ke1 Kd7 32. Kd2 a4 33. Qxc5 dxc5 34. b3
axb3 35. axb3 Kc7 36. Bc2 Kd6 37. Ke2 Ke5 38. Kf3 1/2-1/2

[Event "3. Open Distrito Chamartín 2014"]
[Site "Madrid ESP"]
[Date "2014.09.11"]
[Round "6.12"]
[White "Lopez Heras, Arturo"]
[Black "Algaba Traspuesto, Jose Antoni"]
[Result "1-0"]
[WhiteElo "1879"]
[BlackElo "1691"]
[PlyCount "100"]
[EventDate "2014.09.07"]
[EventType "swiss"]
[EventRounds "9"]
[EventCountry "ESP"]
[SourceTitle "Ajedrez en Madrid"]
[Source "lmi"]
[SourceDate "2014.09.07"]
[SourceVersion "1"]
[SourceVersionDate "2015.07.30"]
[SourceQuality "1"]

1. d4 Nf6 2. Nf3 g6 3. c4 Bg7 4. Nc3 d5 5. e3 O-O 6. Bd2 dxc4 7. Bxc4 c5 8. O-O
cxd4 9. exd4 Bg4 10. Be3 Nc6 11. h3 Bxf3 12. Qxf3 a6 13. Bb3 Nxd4 14. Bxd4 Qxd4
15. Qxb7 Qd7 16. Qf3 Rab8 17. Qe2 Qb7 18. Rad1 e6 19. Rd2 Rfd8 20. Rfd1 Rxd2
21. Rxd2 Qb6 22. Qd1 Qc7 23. Rd6 Nd5 24. Nxd5 exd5 25. Rxd5 Bxb2 26. Rd7 Qc3
27. Bxf7+ Kh8 28. Bb3 Re8 29. Rd8 Rxd8 30. Qxd8+ Kg7 31. Qe7+ Kh6 32. Qf8+ Qg7
33. Qf4+ g5 34. Qe4 Qe5 35. g3 Bd4 36. Kg2 Qf6 37. Qe2 a5 38. Bc2 Qe5 39. Be4
Qf6 40. Bf3 Qb6 41. Qe8 Qc5 42. Qe6+ Kg7 43. Bd5 Qa7 44. Qf5 Qe7 45. Be4 Qf6
46. Qxh7+ Kf8 47. f3 Qb6 48. Qf5+ Bf6 49. a4 Qb2+ 50. Bc2 Qc3 1-0

[Event "3. Open Distrito Chamartín 2014"]
[Site "Madrid ESP"]
[Date "2014.09.11"]
[Round "6.13"]
[White "Rueda Maria, Ramiro"]
[Black "De La Rosa Y Manrique De Lara, Gonzalo"]
[Result "0-1"]
[WhiteElo "1938"]
[BlackElo "2050"]
[PlyCount "66"]
[EventDate "2014.09.07"]
[EventType "swiss"]
[EventRounds "9"]
[EventCountry "ESP"]
[SourceTitle "Ajedrez en Madrid"]
[Source "lmi"]
[SourceDate "2014.09.07"]
[SourceVersion "1"]
[SourceVersionDate "2015.07.30"]
[SourceQuality "1"]

1. c4 Nf6 2. Nf3 g6 3. g3 Bg7 4. Bg2 c5 5. Nc3 Nc6 6. O-O e5 7. d3 O-O 8. Bg5
h6 9. Bd2 d6 10. a3 Rb8 11. Rb1 Be6 12. b4 Qd7 13. Qc1 Kh7 14. bxc5 dxc5 15.
Rb5 b6 16. Qb1 e4 17. Ne1 Bh3 18. Be3 exd3 19. Qxd3 Bxg2 20. Kxg2 Rbd8 21. Ne4
Qe6 22. Nxf6+ Bxf6 23. Qc2 Ne5 24. Rb3 Qxc4 25. Qxc4 Nxc4 26. Nf3 Rfe8 27. Rfb1
Rd7 28. h4 Rde7 29. Nh2 Nxe3+ 30. fxe3 Rxe3 31. Rxe3 Rxe3 32. Ng4 Rxe2+ 33. Kf3
Re6 0-1

[Event "3. Open Distrito Chamartín 2014"]
[Site "Madrid ESP"]
[Date "2014.09.11"]
[Round "6.14"]
[White "Marcos Herrero, Francisco"]
[Black "Melcon Diez, Enrique"]
[Result "1-0"]
[WhiteElo "1918"]
[BlackElo "1623"]
[PlyCount "75"]
[EventDate "2014.09.07"]
[EventType "swiss"]
[EventRounds "9"]
[EventCountry "ESP"]
[SourceTitle "Ajedrez en Madrid"]
[Source "lmi"]
[SourceDate "2014.09.07"]
[SourceVersion "1"]
[SourceVersionDate "2015.07.30"]
[SourceQuality "1"]

1. Nf3 c5 2. c4 Nc6 3. Nc3 Nf6 4. g3 g6 5. Bg2 Bg7 6. a3 a5 7. Rb1 O-O 8. O-O
d6 9. d3 Bd7 10. Bd2 Qc8 11. Qc2 Nd4 12. Nxd4 cxd4 13. Nd5 Nxd5 14. Bxd5 Bc6
15. Bxc6 Qxc6 16. b4 axb4 17. axb4 Qa4 18. Rfc1 Rfc8 19. Qb2 e5 20. b5 Qa3 21.
Qxa3 Rxa3 22. Ra1 Rca8 23. Rxa3 Rxa3 24. Bb4 Ra2 25. Bxd6 Rxe2 26. Ra1 f5 27.
Ra8+ Kf7 28. Ra7 Ke6 29. c5 Re1+ 30. Kg2 Kd5 31. Rxb7 e4 32. Rxg7 exd3 33. Rd7
Kc4 34. Bf4 Kxc5 35. b6 Re8 36. b7 Kc4 37. Rc7+ Kb3 38. Rc8 1-0

[Event "3. Open Distrito Chamartín 2014"]
[Site "Madrid ESP"]
[Date "2014.09.11"]
[Round "6.15"]
[White "Martinez De Navascues, Francis"]
[Black "Gomez Feria, Jose Maria"]
[Result "0-1"]
[WhiteElo "1760"]
[BlackElo "1838"]
[PlyCount "91"]
[EventDate "2014.09.07"]
[EventType "swiss"]
[EventRounds "9"]
[EventCountry "ESP"]
[SourceTitle "Ajedrez en Madrid"]
[Source "lmi"]
[SourceDate "2014.09.07"]
[SourceVersion "1"]
[SourceVersionDate "2015.07.30"]
[SourceQuality "1"]

1. b4 e5 2. Bb2 Bxb4 3. Bxe5 Nf6 4. e3 O-O 5. Nf3 Re8 6. Be2 Nc6 7. Bb2 d5 8.
O-O h6 9. Ne1 Bf5 10. Bd3 Qd7 11. Bxf6 gxf6 12. Qh5 Bxd3 13. Nxd3 Bf8 14. f4
Bg7 15. f5 Kh7 16. c3 b6 17. Na3 Ne5 18. Nxe5 Rxe5 19. Nc2 c5 20. Rf4 Rg8 21.
Raf1 Bf8 22. h4 Re4 23. Qf3 Rxf4 24. exf4 d4 25. cxd4 cxd4 26. Qd3 Qd5 27. Rf3
Bd6 28. Qb3 Qb7 29. g3 Qe4 30. Kf2 Kg7 31. Qd3 Qd5 32. a3 a5 33. Kg2 Bc5 34.
Ne3 Qb7 35. Nc4 Re8 36. Kh3 Qe7 37. g4 Qb7 38. g5 hxg5 39. fxg5 Re1 40. gxf6+
Kxf6 41. Nd6 Bxd6 42. Qxd4+ Be5 43. Qd8+ Kg7 44. f6+ Kg6 45. Qd3+ Qe4 46. Kg2
0-1

[Event "3. Open Distrito Chamartín 2014"]
[Site "Madrid ESP"]
[Date "2014.09.11"]
[Round "7.1"]
[White "Hernando Pertierra, Jose C"]
[Black "Perez Mitjans, Orelvis"]
[Result "1/2-1/2"]
[WhiteElo "2379"]
[BlackElo "2440"]
[PlyCount "25"]
[EventDate "2014.09.07"]
[EventType "swiss"]
[EventRounds "9"]
[EventCountry "ESP"]
[SourceTitle "Ajedrez en Madrid"]
[Source "lmi"]
[SourceDate "2014.09.07"]
[SourceVersion "1"]
[SourceVersionDate "2015.07.30"]
[SourceQuality "1"]

1. Nf3 Nf6 2. c4 g6 3. b3 Bg7 4. Bb2 O-O 5. g3 d6 6. Bg2 e5 7. d3 Nh5 8. Nc3 f5
9. Qd2 Nc6 10. Ng5 Kh8 11. f4 h6 12. Nf3 Nd4 13. e3 1/2-1/2

[Event "3. Open Distrito Chamartín 2014"]
[Site "Madrid ESP"]
[Date "2014.09.11"]
[Round "7.2"]
[White "Fernandez Lledo, Javier"]
[Black "Barria Zuniga, Daniel"]
[Result "1/2-1/2"]
[WhiteElo "2251"]
[BlackElo "2427"]
[PlyCount "22"]
[EventDate "2014.09.07"]
[EventType "swiss"]
[EventRounds "9"]
[EventCountry "ESP"]
[SourceTitle "Ajedrez en Madrid"]
[Source "lmi"]
[SourceDate "2014.09.07"]
[SourceVersion "1"]
[SourceVersionDate "2015.07.30"]
[SourceQuality "1"]

1. Nf3 g6 2. c4 Bg7 3. g3 e6 4. Bg2 d5 5. O-O Ne7 6. cxd5 exd5 7. d4 O-O 8. Nc3
c6 9. Bf4 Nf5 10. Qd2 Nd7 11. g4 Nh4 1/2-1/2

[Event "3. Open Distrito Chamartín 2014"]
[Site "Madrid ESP"]
[Date "2014.09.11"]
[Round "7.3"]
[White "Roa Alonso, Santiago"]
[Black "Nieto De La Cruz, Julio"]
[Result "1-0"]
[WhiteElo "2397"]
[BlackElo "2179"]
[PlyCount "73"]
[EventDate "2014.09.07"]
[EventType "swiss"]
[EventRounds "9"]
[EventCountry "ESP"]
[SourceTitle "Ajedrez en Madrid"]
[Source "lmi"]
[SourceDate "2014.09.07"]
[SourceVersion "1"]
[SourceVersionDate "2015.07.30"]
[SourceQuality "1"]

1. e4 c5 2. Nf3 d6 3. d4 Nf6 4. Nc3 cxd4 5. Nxd4 g6 6. Be3 Bg7 7. f3 O-O 8. Bc4
Nc6 9. Bb3 Qa5 10. Qd2 Nxd4 11. Bxd4 Be6 12. O-O-O Bxb3 13. cxb3 d5 14. exd5
Rac8 15. Kb1 Rfd8 16. Rhe1 b5 17. Bxf6 Bxf6 18. Ne4 Qb6 19. Qe3 Qxe3 20. Nxf6+
exf6 21. Rxe3 Kf8 22. Rc3 Ke7 23. Kc2 Kd6 24. Rc6+ Rxc6+ 25. dxc6+ Kc7 26. Rxd8
Kxd8 27. Kc3 Kc7 28. Kb4 Kxc6 29. Ka5 f5 30. b4 g5 31. Ka6 g4 32. Kxa7 Kd5 33.
Ka6 gxf3 34. gxf3 Ke5 35. a4 Kf4 36. axb5 Kxf3 37. b6 1-0

[Event "3. Open Distrito Chamartín 2014"]
[Site "Madrid ESP"]
[Date "2014.09.11"]
[Round "7.4"]
[White "Elissalt Cardenas, Hector"]
[Black "Gonzalez Aguirre, Luis"]
[Result "1/2-1/2"]
[WhiteElo "2334"]
[BlackElo "2089"]
[PlyCount "118"]
[EventDate "2014.09.07"]
[EventType "swiss"]
[EventRounds "9"]
[EventCountry "ESP"]
[SourceTitle "Ajedrez en Madrid"]
[Source "lmi"]
[SourceDate "2014.09.07"]
[SourceVersion "1"]
[SourceVersionDate "2015.07.30"]
[SourceQuality "1"]

1. b3 Nf6 2. Bb2 g6 3. h4 Bg7 4. Qc1 d6 5. h5 gxh5 6. e3 Bg4 7. Ne2 e5 8. Ng3
Nbd7 9. c4 Qe7 10. Nc3 O-O-O 11. f3 Be6 12. Qc2 Rdg8 13. Nxh5 Nxh5 14. Rxh5 f5
15. O-O-O Qf7 16. Rh2 Nf6 17. Bd3 Nh5 18. g4 fxg4 19. fxg4 Bxg4 20. Rg1 Nf6 21.
Rxg4 Nxg4 22. Bf5+ Kb8 23. Bxg4 h5 24. Bh3 Bf8 25. Qe4 Qg6 26. Rh1 Qxe4 27.
Nxe4 Rg6 28. Kd1 Be7 29. Ke2 h4 30. Bc3 Rhg8 31. Rf1 Rf8 32. Rxf8+ Bxf8 33. Kf2
Be7 34. d4 exd4 35. Bxd4 Rg8 36. Be6 Rg6 37. Bf5 Rg8 38. Nd2 Bg5 39. Nf3 Be7
40. e4 Bd8 41. Be3 Bf6 42. Bf4 b6 43. Be6 Rg7 44. b4 Bc3 45. b5 Bf6 46. a4 Bc3
47. Bg5 Bd4+ 48. Kf1 Bf6 49. Bxf6 Rg6 50. Nxh4 Rxf6+ 51. Bf5 Rh6 52. Nf3 Rh1+
53. Ke2 Ra1 54. Nd4 Rxa4 55. Nc6+ Kb7 56. Nd8+ Kb8 57. Nc6+ Kb7 58. Nd8+ Ka8
59. Nc6 Kb7 1/2-1/2

[Event "3. Open Distrito Chamartín 2014"]
[Site "Madrid ESP"]
[Date "2014.09.11"]
[Round "7.5"]
[White "Renteria, Jorge"]
[Black "Beyerholm, Arne"]
[Result "1-0"]
[WhiteElo "2313"]
[BlackElo "2024"]
[PlyCount "75"]
[EventDate "2014.09.07"]
[EventType "swiss"]
[EventRounds "9"]
[EventCountry "ESP"]
[SourceTitle "Ajedrez en Madrid"]
[Source "lmi"]
[SourceDate "2014.09.07"]
[SourceVersion "1"]
[SourceVersionDate "2015.07.30"]
[SourceQuality "1"]

1. e4 e5 2. Nf3 Nf6 3. Nxe5 d6 4. Nf3 Nxe4 5. d4 d5 6. Bd3 Nc6 7. O-O Be7 8. c4
Nb4 9. Be2 O-O 10. a3 Nc6 11. cxd5 Qxd5 12. Nc3 Nxc3 13. bxc3 Bf5 14. Be3 Bf6
15. Nd2 Qa5 16. Qb3 Qb6 17. Qd5 Ne7 18. Qf3 Bg6 19. Ne4 Qc6 20. Nxf6+ Qxf6 21.
Qxb7 c6 22. Bf3 Rac8 23. Qxa7 Nf5 24. Qc5 Rfe8 25. Bg4 Re4 26. Bf3 Ree8 27.
Rfe1 h6 28. Bd2 Nh4 29. Rxe8+ Rxe8 30. Qxc6 Re6 31. Qa8+ Kh7 32. Bd5 Re2 33.
Be3 Nf5 34. Bf3 Rb2 35. Qc6 Qe7 36. Qe4 Qf6 37. Qe5 Qb6 38. h3 1-0

[Event "3. Open Distrito Chamartín 2014"]
[Site "Madrid ESP"]
[Date "2014.09.11"]
[Round "7.6"]
[White "Gonzalez Perez, Pedro"]
[Black "Semprun Martinez, Fernando"]
[Result "0-1"]
[WhiteElo "2009"]
[BlackElo "2181"]
[PlyCount "72"]
[EventDate "2014.09.07"]
[EventType "swiss"]
[EventRounds "9"]
[EventCountry "ESP"]
[SourceTitle "Ajedrez en Madrid"]
[Source "lmi"]
[SourceDate "2014.09.07"]
[SourceVersion "1"]
[SourceVersionDate "2015.07.30"]
[SourceQuality "1"]

1. d4 Nf6 2. c4 g6 3. Nc3 d5 4. cxd5 Nxd5 5. e4 Nxc3 6. bxc3 Bg7 7. Bc4 O-O 8.
Ne2 c5 9. Be3 Nc6 10. O-O Bg4 11. f3 Bd7 12. Rb1 Qc7 13. Bf4 Qc8 14. Bb5 a6 15.
Bxc6 Bxc6 16. Qb3 cxd4 17. Nxd4 e5 18. Nxc6 Qxc6 19. Be3 b5 20. Rfd1 Rfc8 21.
Rd3 Qc4 22. Rbd1 Bf8 23. h3 Kg7 24. Bb6 Bc5+ 25. Bxc5 Rxc5 26. Qxc4 Rxc4 27.
Rb1 Ra4 28. Rb2 Rc8 29. Kf2 Ra3 30. Ke2 Raxc3 31. Rxc3 Rxc3 32. a4 bxa4 33. Rb6
Rc2+ 34. Kf1 a3 35. Rxa6 a2 36. Kg1 Rc1+ 0-1

[Event "3. Open Distrito Chamartín 2014"]
[Site "Madrid ESP"]
[Date "2014.09.11"]
[Round "7.7"]
[White "Plazuelo Pascual, Juan"]
[Black "Madurga Lopez, Ignacio"]
[Result "1-0"]
[WhiteElo "1995"]
[BlackElo "2089"]
[PlyCount "29"]
[EventDate "2014.09.07"]
[EventType "swiss"]
[EventRounds "9"]
[EventCountry "ESP"]
[SourceTitle "Ajedrez en Madrid"]
[Source "lmi"]
[SourceDate "2014.09.07"]
[SourceVersion "1"]
[SourceVersionDate "2015.07.30"]
[SourceQuality "1"]

1. d4 Nf6 2. c4 Nc6 3. Nc3 e5 4. d5 Ne7 5. Nf3 Ng6 6. h4 e4 7. Ng5 Bb4 8. Qd4
Qe7 9. h5 Qe5 10. Be3 Bxc3+ 11. bxc3 Qxd4 12. Bxd4 Ne7 13. h6 Kf8 14. Nxe4 Neg8
15. Rh3 1-0

[Event "3. Open Distrito Chamartín 2014"]
[Site "Madrid ESP"]
[Date "2014.09.11"]
[Round "7.8"]
[White "Garcia Sanz, Eduardo"]
[Black "Barez Menendez, Hector"]
[Result "0-1"]
[WhiteElo "1851"]
[BlackElo "2163"]
[PlyCount "74"]
[EventDate "2014.09.07"]
[EventType "swiss"]
[EventRounds "9"]
[EventCountry "ESP"]
[SourceTitle "Ajedrez en Madrid"]
[Source "lmi"]
[SourceDate "2014.09.07"]
[SourceVersion "1"]
[SourceVersionDate "2015.07.30"]
[SourceQuality "1"]

1. e4 e5 2. Nf3 Qe7 3. Nc3 c6 4. d4 d6 5. dxe5 dxe5 6. Bc4 h6 7. h3 g5 8. g4
Nf6 9. Qd3 b5 10. Bb3 a5 11. a4 b4 12. Ne2 Bg7 13. Ng3 O-O 14. Nf5 Bxf5 15.
gxf5 Nh5 16. Qc4 Nf4 17. Bxf4 exf4 18. O-O-O Qf6 19. Rd4 Ra7 20. Rhd1 Nd7 21.
Qe2 Nc5 22. Qc4 Nxb3+ 23. cxb3 Re8 24. Qc2 Qe7 25. Rc4 c5 26. Rd5 Rc7 27. e5
Bf8 28. Nd4 Rec8 29. f6 Qe8 30. h4 Rd7 31. Rxd7 Qxd7 32. Nf5 Re8 33. Qe4 Qe6
34. hxg5 hxg5 35. Qc2 Qxe5 36. Ne7+ Bxe7 37. Re4 Qxf6 0-1

[Event "3. Open Distrito Chamartín 2014"]
[Site "Madrid ESP"]
[Date "2014.09.11"]
[Round "7.9"]
[White "Soto Martin, Pablo"]
[Black "Aziz Ortego, Omar Luis"]
[Result "0-1"]
[WhiteElo "1781"]
[BlackElo "2094"]
[PlyCount "89"]
[EventDate "2014.09.07"]
[EventType "swiss"]
[EventRounds "9"]
[EventCountry "ESP"]
[SourceTitle "Ajedrez en Madrid"]
[Source "lmi"]
[SourceDate "2014.09.07"]
[SourceVersion "1"]
[SourceVersionDate "2015.07.30"]
[SourceQuality "1"]

1. e4 c5 2. Nf3 Nc6 3. Bb5 Nd4 4. Nxd4 cxd4 5. d3 Qa5+ 6. c3 Qxb5 7. cxd4 Qb4+
8. Nc3 e6 9. O-O a6 10. d5 Nf6 11. a3 Qa5 12. Bf4 d6 13. b4 Qd8 14. dxe6 fxe6
15. d4 Be7 16. Qb3 O-O 17. Be3 d5 18. e5 Ng4 19. Bd2 Qb6 20. Ne2 Qb5 21. Rae1
Qe8 22. Qg3 Qg6 23. Nf4 Qf5 24. h3 Nh6 25. Nxd5 exd5 26. Bxh6 Qg6 27. Qxg6 hxg6
28. Bd2 Bf5 29. Re3 Rac8 30. Bc3 Rc6 31. f4 Rfc8 32. Bb2 Rc2 33. Rf2 Bh4 34.
Rfe2 Be4 35. Kh2 Bf2 36. Rxc2 Rxc2 37. Rb3 b5 38. Ba1 Be1 39. Rb2 Rc3 40. Rf2
Rb3 41. Rf1 Bg3+ 42. Kh1 Kf7 43. Rc1 Bxf4 44. Rf1 g5 45. h4 0-1

[Event "3. Open Distrito Chamartín 2014"]
[Site "Madrid ESP"]
[Date "2014.09.11"]
[Round "7.10"]
[White "Gonzalez Mateos, Rafael"]
[Black "Lopez Heras, Arturo"]
[Result "1/2-1/2"]
[WhiteElo "2016"]
[BlackElo "1879"]
[PlyCount "63"]
[EventDate "2014.09.07"]
[EventType "swiss"]
[EventRounds "9"]
[EventCountry "ESP"]
[SourceTitle "Ajedrez en Madrid"]
[Source "lmi"]
[SourceDate "2014.09.07"]
[SourceVersion "1"]
[SourceVersionDate "2015.07.30"]
[SourceQuality "1"]

1. d4 Nf6 2. c3 g6 3. Bg5 Bg7 4. Nd2 O-O 5. e4 d6 6. Bd3 c5 7. dxc5 dxc5 8. Qc2
Nc6 9. Ngf3 e5 10. O-O h6 11. Be3 Qe7 12. h3 Nh5 13. Rfe1 Nf4 14. Bxf4 exf4 15.
a4 h5 16. e5 g5 17. Nc4 g4 18. hxg4 hxg4 19. Nfd2 Qh4 20. Nf1 Re8 21. Bf5 Nxe5
22. Nxe5 Bxe5 23. Bxc8 Raxc8 24. Qf5 f6 25. Qg6+ Kf8 26. Rad1 Rc7 27. g3 Qh3
28. gxf4 Rh7 29. Ng3 Rh6 30. Qe4 Qh2+ 31. Kf1 Qh3+ 32. Kg1 1/2-1/2

[Event "3. Open Distrito Chamartín 2014"]
[Site "Madrid ESP"]
[Date "2014.09.11"]
[Round "7.11"]
[White "Abul, Qasem"]
[Black "Perez Perez, Elena Maria"]
[Result "1-0"]
[WhiteElo "1994"]
[BlackElo "1757"]
[PlyCount "61"]
[EventDate "2014.09.07"]
[EventType "swiss"]
[EventRounds "9"]
[EventCountry "ESP"]
[SourceTitle "Ajedrez en Madrid"]
[Source "lmi"]
[SourceDate "2014.09.07"]
[SourceVersion "1"]
[SourceVersionDate "2015.07.30"]
[SourceQuality "1"]

1. f3 e5 2. e3 Nf6 3. d4 exd4 4. exd4 d5 5. Bd3 Nc6 6. c3 Bd6 7. Ne2 h6 8. Nf4
Qe7+ 9. Kf2 Qd8 10. Be3 Ne7 11. Nd2 c6 12. Qc2 Qc7 13. g3 O-O 14. Rae1 Bd7 15.
Nf1 Rfe8 16. h4 Rad8 17. Bc1 Nc8 18. Rxe8+ Rxe8 19. Ne2 Ne7 20. g4 Kf8 21. Nfg3
Bc8 22. g5 hxg5 23. hxg5 Nfg8 24. Rh8 g6 25. Qd1 c5 26. Qh1 Rd8 27. Qh7 cxd4
28. Nh5 gxh5 29. g6 fxg6 30. Bxg6 Nxg6 31. Rxg8# 1-0

[Event "3. Open Distrito Chamartín 2014"]
[Site "Madrid ESP"]
[Date "2014.09.11"]
[Round "7.12"]
[White "Alvarez Escudero, Manuel"]
[Black "Pinel Mirasierra, Jose Pablo"]
[Result "0-1"]
[WhiteElo "1750"]
[BlackElo "1963"]
[PlyCount "74"]
[EventDate "2014.09.07"]
[EventType "swiss"]
[EventRounds "9"]
[EventCountry "ESP"]
[SourceTitle "Ajedrez en Madrid"]
[Source "lmi"]
[SourceDate "2014.09.07"]
[SourceVersion "1"]
[SourceVersionDate "2015.07.30"]
[SourceQuality "1"]

1. e4 c6 2. d4 d5 3. exd5 cxd5 4. Nf3 g6 5. Be3 Bg7 6. c3 Nf6 7. Bb5+ Bd7 8.
Bxd7+ Nbxd7 9. O-O O-O 10. h3 Ne4 11. Nbd2 Nxd2 12. Qxd2 Nf6 13. Bh6 e6 14.
Bxg7 Kxg7 15. Rfe1 Qd6 16. Ne5 Rac8 17. f3 Nd7 18. Ng4 Rfe8 19. Qh6+ Kg8 20.
Re2 b5 21. a3 a5 22. Rae1 b4 23. axb4 axb4 24. Qd2 bxc3 25. bxc3 Rc7 26. Ne5
Nxe5 27. Rxe5 Rec8 28. R5e3 Rc4 29. Rb1 Qa3 30. Rb7 Rxc3 31. Rxc3 Qxc3 32. Qf2
Rc4 33. Qa2 Qxd4+ 34. Kh2 Qf4+ 35. g3 Qxf3 36. Rb8+ Kg7 37. Qb2+ Qc3 0-1

[Event "3. Open Distrito Chamartín 2014"]
[Site "Madrid ESP"]
[Date "2014.09.11"]
[Round "7.13"]
[White "Lopez Munoz, Pedro"]
[Black "Alonso Aranzabal, Inigo"]
[Result "1/2-1/2"]
[WhiteElo "1697"]
[BlackElo "1960"]
[PlyCount "76"]
[EventDate "2014.09.07"]
[EventType "swiss"]
[EventRounds "9"]
[EventCountry "ESP"]
[SourceTitle "Ajedrez en Madrid"]
[Source "lmi"]
[SourceDate "2014.09.07"]
[SourceVersion "1"]
[SourceVersionDate "2015.07.30"]
[SourceQuality "1"]

1. d4 Nf6 2. Nf3 g6 3. g3 Bg7 4. Bg2 O-O 5. c4 d6 6. O-O Nbd7 7. Nc3 e5 8. b3
Re8 9. Bb2 c6 10. dxe5 dxe5 11. Qc2 Qc7 12. h3 Nc5 13. e4 a5 14. Ba3 Nfd7 15.
Rfd1 Bf8 16. Bxc5 Bxc5 17. Na4 Bf8 18. c5 b5 19. cxb6 Nxb6 20. Nxb6 Qxb6 21.
Rac1 Bb7 22. Qc4 Qb5 23. Rd7 Qxc4 24. Rxc4 Rab8 25. Rc2 h6 26. Nd2 a4 27. bxa4
c5 28. a5 Bc6 29. Ra7 Ba4 30. Rc3 Rb2 31. Nb3 c4 32. Rxc4 Rxa2 33. Rb7 Rd8 34.
Rc3 Bxb3 35. Rcxb3 Bc5 36. Rf3 Rd1+ 37. Kh2 Rxf2 38. Rxf2 Bxf2 1/2-1/2

[Event "3. Open Distrito Chamartín 2014"]
[Site "Madrid ESP"]
[Date "2014.09.11"]
[Round "7.14"]
[White "Ruiz Sanchez, Roberto"]
[Black "Bento Iglesias, Pablo"]
[Result "1/2-1/2"]
[WhiteElo "1910"]
[BlackElo "1660"]
[PlyCount "114"]
[EventDate "2014.09.07"]
[EventType "swiss"]
[EventRounds "9"]
[EventCountry "ESP"]
[SourceTitle "Ajedrez en Madrid"]
[Source "lmi"]
[SourceDate "2014.09.07"]
[SourceVersion "1"]
[SourceVersionDate "2015.07.30"]
[SourceQuality "1"]

1. e4 e5 2. Nf3 Nc6 3. Bb5 a6 4. Ba4 Nf6 5. O-O d6 6. c3 Be7 7. Re1 b5 8. Bb3
Na5 9. Bc2 c5 10. d4 Nc6 11. h3 O-O 12. d5 Nb8 13. Nbd2 h6 14. a4 Bb7 15. Nf1
Nh7 16. Ng3 Nd7 17. Nf5 Nb6 18. a5 Nc8 19. Be3 Bf6 20. Qd2 Ng5 21. Nxg5 hxg5
22. b4 c4 23. Kf1 g6 24. Nh6+ Kg7 25. Ng4 Be7 26. f3 f5 27. Nh2 f4 28. Bf2 Rh8
29. Ke2 Rh5 30. Kd1 Rh7 31. Rh1 Qd7 32. Kc1 Bd8 33. Kb2 Ne7 34. Bd1 Ng8 35. Be2
Rc8 36. Kc2 Nf6 37. Rag1 Bc7 38. Bf1 Rch8 39. g4 Bd8 40. Bg2 Ng8 41. Nf1 Ne7
42. Rh2 Nc8 43. Rgh1 Be7 44. Kd1 Kg8 45. Qe2 Qd8 46. Nd2 Qc7 47. Nb1 Kg7 48.
Na3 Kg8 49. Nc2 Bf6 50. Bf1 Ne7 51. Qd2 Kf7 52. Ne1 Nc8 53. Ng2 Qe7 54. Qe1 Qd8
55. Kc2 Qe7 56. Be2 Qd8 57. Kb2 Qe7 1/2-1/2

[Event "3. Open Distrito Chamartín 2014"]
[Site "Madrid ESP"]
[Date "2014.09.11"]
[Round "7.15"]
[White "De La Rosa Y Manrique De Lara, Gonzalo"]
[Black "Molina Garcia, Francisco J"]
[Result "0-1"]
[WhiteElo "2050"]
[BlackElo "1901"]
[PlyCount "72"]
[EventDate "2014.09.07"]
[EventType "swiss"]
[EventRounds "9"]
[EventCountry "ESP"]
[SourceTitle "Ajedrez en Madrid"]
[Source "lmi"]
[SourceDate "2014.09.07"]
[SourceVersion "1"]
[SourceVersionDate "2015.07.30"]
[SourceQuality "1"]

1. e4 e6 2. d4 d5 3. e5 c5 4. c3 Qb6 5. Nf3 Bd7 6. Be2 Bb5 7. O-O Bxe2 8. Qxe2
Qa6 9. Qc2 Nd7 10. Nbd2 Rc8 11. Nb3 cxd4 12. Nbxd4 Ne7 13. Bf4 Ng6 14. Bg3 Bc5
15. Qd2 Nb6 16. Nb3 Nc4 17. Qc2 Be7 18. h4 h6 19. Nbd4 Bc5 20. Rfe1 b5 21. b3
Na3 22. Qd3 Qb6 23. Rac1 O-O 24. h5 Ne7 25. Bf4 Nc6 26. Qd2 Nxd4 27. cxd4 Be7
28. Rxc8 Rxc8 29. Bxh6 gxh6 30. Qxh6 Qd8 31. g4 Qf8 32. Qf4 Qg7 33. Kg2 b4 34.
g5 Nb5 35. Rg1 Nc3 36. Kh2 Ne2 0-1

[Event "3. Open Distrito Chamartín 2014"]
[Site "Madrid ESP"]
[Date "2014.09.12"]
[Round "8.1"]
[White "Perez Mitjans, Orelvis"]
[Black "Renteria, Jorge"]
[Result "1-0"]
[WhiteElo "2440"]
[BlackElo "2313"]
[PlyCount "77"]
[EventDate "2014.09.07"]
[EventType "swiss"]
[EventRounds "9"]
[EventCountry "ESP"]
[SourceTitle "Ajedrez en Madrid"]
[Source "lmi"]
[SourceDate "2014.09.07"]
[SourceVersion "1"]
[SourceVersionDate "2015.07.30"]
[SourceQuality "1"]

1. e4 c5 2. Ne2 d6 3. g3 g6 4. Bg2 Bg7 5. d4 cxd4 6. Nxd4 Nf6 7. O-O O-O 8. Nc3
Bg4 9. Nde2 Nc6 10. h3 Bd7 11. Nd5 Be6 12. a4 Rc8 13. Be3 Nd7 14. c3 a5 15.
Nef4 Bxd5 16. exd5 Ncb8 17. Qb3 Qc7 18. Rfe1 Na6 19. Qb5 Bf6 20. h4 Nac5 21.
Bh3 Rcd8 22. Bd4 Ne5 23. Re3 Ncd7 24. b3 Ra8 25. Ng2 h5 26. Rae1 Qd8 27. f3 Qc7
28. Kh1 Nc5 29. Rxe5 dxe5 30. Qxc5 Qb8 31. Bf2 b6 32. Qb5 Qd6 33. Ne3 Qa3 34.
Nc4 Qa2 35. Kg2 e4 36. Rxe4 Bxc3 37. Nxb6 Rab8 38. Re2 Qa1 39. Qc4 1-0